[Event "Cesenatico op 16th"]
[Site "Cesenatico"]
[Date "2012.09.05"]
[Round "5"]
[White "Drei, Andrea"]
[Black "Vincenzi, Andrea"]
[Result "1-0"]
[WhiteElo "2247"]
[BlackElo "1953"]
[PlyCount "117"]
[EventDate "2012.09.01"]
[EventType "swiss"]
[EventRounds "9"]
[EventCountry "ITA"]
[SourceTitle "CBM 150 Extra"]
[Source "ChessBase"]
[SourceDate "2012.10.19"]
[SourceVersion "1"]
[SourceVersionDate "2012.10.19"]
[SourceQuality "1"]

1. e4 e5 2. Nc3 Nf6 3. Nf3 Nc6 4. Bb5 d6 5. d4 exd4 6. Nxd4 Bd7 7. 0-0 Nxd4 8. Qxd4 Bxb5 9. Nxb5 a6 10. Nc3 Be7 11. h3 0-0 12. Bf4 Nd7 13. Rfe1 Nc5 14. Rad1 Ne6 15. Qd2 Nxf4 16. Qxf4 Bf6 17. Rd3 Be5 18. Qg4 Qc8 19. Qxc8 Raxc8 20. Nd5 Rfe8 21. f4 Bf6 22. b3 Be7 23. Kf2 Bf8 24. c4 c6 25. Nc3 g6 26. Kf3 f6 27. a4 Rcd8 28. Red1 Be7 29. g4 Kf7 30. Ne2 a5 31. f5 g5 32. h4 h6 33. Rh1 Bf8 34. Nd4 Rd7 35. hxg5 fxg5 36. Ne6 Rxe6 37. fxe6+ Kxe6 38. Ke2 Bg7 39. Rf3 Rf7 40. Rf5 Rxf5 41. exf5+ Ke5 42. Kf3 Kf6 43. Re1 Kf7 44. Re6 Bf8 45. Ke4 Be7 46. Rxh6 Bf6 47. Rh1 Bg7 48. Kf3 Be5 49. Rh6 Bf6 50. Rg6 Ke7 51. Rg8 b6 52. Ke4 Kd7 53. Rb8 Kc7 54. Rf8 Be7 55. Rf7 Kd8 56. f6 d5+ 57. cxd5 cxd5+ 58. Kxd5 Bc5 59. Ke4 1-0

[Event "Cesenatico op 9th"]
[Site "Cesenatico"]
[Date "2004.09.04"]
[Round "1"]
[White "Vincenzi, Andrea"]
[Black "Popa, Claudio"]
[Result "1-0"]
[WhiteElo "1807"]
[BlackElo "2183"]
[PlyCount "79"]
[EventDate "2004.09.04"]
[EventType "swiss"]
[EventRounds "9"]
[EventCountry "ITA"]
[SourceTitle "EXT 2007"]
[Source "ChessBase"]
[SourceDate "2006.11.23"]
[SourceVersion "1"]
[SourceVersionDate "2006.11.23"]
[SourceQuality "1"]

1. e4 e5 2. Bc4 Nf6 3. d3 Nc6 4. a3 d6 5. Nc3 Bg4 6. f3 Be6 7. Bxe6 fxe6 8. Nh3 Qd7 9. 0-0 Be7 10. Ng5 h6 11. Nh3 g5 12. g4 Nh7 13. Ne2 Bf6 14. Ng3 Nf8 15. Nh5 Qe7 16. c3 Ng6 17. Qb3 Rb8 18. Be3 0-0 19. Rad1 Bh8 20. Rf2 Rf7 21. Rdf1 Nh4 22. Kh1 b6 23. Qc2 Rbf8 24. Qd1 Na5 25. b4 Nb7 26. d4 c5 27. d5 exd5 28. Qxd5 Kh7 29. Qd1 Nd8 30. Ng3 Ne6 31. Nf5 Nxf5 32. exf5 Nf4 33. Bxf4 exf4 34. Re2 Be5 35. Qd3 Qf6 36. Nf2 Kh8 37. Ne4 Qe7 38. Rfe1 Qc7 39. b5 Rd8 40. Qd5 1-0